|
|
|
|
| LEADER |
00815nab a2200217 i 4500 |
| 001 |
misc62869 |
| 005 |
20221018105109.0 |
| 008 |
220519s1939 hu o 0|| fre d |
| 040 |
|
|
|a SZTE Miscellanea Repozitórium
|b hun
|
| 041 |
|
|
|a fre
|
| 100 |
1 |
|
|a Kotwicz Wladyslaw
|
| 245 |
1 |
3 |
|a La langue mongole, parlée par les Ouïgours Jaunes près de Kan-tcheou
|h [elektronikus dokumentum] :
|b d'après les matériaux recueillis par S. E. Malov et autres voyageurs /
|c Kotwicz Wladyslaw
|
| 260 |
|
|
|c 1939
|
| 300 |
|
|
|a 38 p.
|c 22 cm
|
| 561 |
|
|
|a Németh Gyula hagyaték
|
| 591 |
|
|
|a NOA 2911
|
| 650 |
|
4 |
|a Bölcsészettudományok
|
| 650 |
|
4 |
|a Nyelvek és irodalom
|
| 695 |
|
|
|a Mongol nyelv, Ujgurok
|
| 700 |
0 |
1 |
|a Malov Sergej Efimovič
|
| 856 |
4 |
0 |
|u http://misc.bibl.u-szeged.hu/62869/1/2911_noa_k75.pdf
|z Dokumentum-elérés
|